Normal view MARC view
  • Christie's

Entry Corporate Name

Number of records used in: 2

001 - CONTROL NUMBER

  • control field: 5424

003 - CONTROL NUMBER IDENTIFIER

  • control field: OSt

005 - DATE AND TIME OF LATEST TRANSACTION

  • control field: 20190806150242.0

008 - FIXED-LENGTH DATA ELEMENTS

  • fixed length control field: 071029n| acannaabn |n ana d

040 ## - CATALOGING SOURCE

  • Original cataloging agency: OSt
  • Transcribing agency: OSt

110 2# - HEADING--CORPORATE NAME

  • Corporate name or jurisdiction name as entry element: Christie's

670 ## - SOURCE DATA FOUND

  • Source citation: Particulars and conditions of sale of a spacious freehold mansion...late the residence an property of Sir John Danvers, Bart. deceased, eligibly situate on the north side of Hanover Square in the parish of St. George's, which (by order of the representative) will be sold by auction by Mr Christie, [at his Great Room in Pall Mall] on [Tuesday] January the [17th] 1797 at one o'clock, [1797]